[Event "Ruhrgebiet Verbandsklasse Gruppe 1 1718"]
[Site "Germany"]
[Date "2017.10.08"]
[Round "2.6"]
[White "Sharma, Rakesh"]
[Black "Thon, Manfred"]
[Result "1-0"]
[WhiteElo "1858"]
[BlackElo "1864"]
[PlyCount "33"]
[EventDate "2017.09.17"]
[EventType "team-tourn"]
[EventRounds "9"]
[EventCountry "GER"]
[SourceTitle "EXT 2022"]
[Source "ChessBase"]
[SourceDate "2021.10.06"]
[SourceVersion "1"]
[SourceVersionDate "2021.10.06"]
[SourceQuality "1"]
[WhiteTeam "Welper SV II"]
[BlackTeam "Wattenscheid SV III"]
[WhiteTeamCountry "GER"]
[BlackTeamCountry "GER"]

1. d4 d5 2. Bg5 g6 3. e3 Bg7 4. Bd3 Nf6 5. Ne2 Nbd7 6. Nbc3 0-0 7. Nf4 c6 8. Qd2 e5 9. dxe5 Nxe5 10. 0-0-0 Qa5 11. Bxf6 Bxf6 12. h4 Nxd3+ 13. Nxd3 Bf5 14. h5 g5 15. h6 b5 16. Kb1 Rad8 17. Nxd5 1-0

[Event "Ruhrgebiet Verbandsklasse Gruppe 1 1516"]
[Site "Germany"]
[Date "2016.01.24"]
[Round "6.1"]
[White "Thon, Manfred"]
[Black "Heisterkamp, Oliver"]
[Result "1/2-1/2"]
[WhiteElo "1889"]
[BlackElo "1976"]
[PlyCount "28"]
[EventDate "2015.09.06"]
[EventType "team-tourn"]
[EventRounds "9"]
[EventCountry "GER"]
[SourceTitle "EXT 2022"]
[Source "ChessBase"]
[SourceDate "2021.10.06"]
[SourceVersion "1"]
[SourceVersionDate "2021.10.06"]
[SourceQuality "1"]
[WhiteTeam "Wattenscheid SV IV"]
[BlackTeam "Osterfeld Schwarze Dame"]
[WhiteTeamCountry "GER"]
[BlackTeamCountry "GER"]

1. d4 g6 2. c4 Bg7 3. Nc3 a6 4. e4 Nc6 5. Be3 e5 6. dxe5 Bxe5 7. Nf3 Bg7 8. Qd2 d6 9. 0-0-0 Bd7 10. Bd3 Nf6 11. h3 0-0 12. Bh6 Re8 13. Bxg7 Kxg7 14. g4 Ne5 1/2-1/2

[Event "Ruhrgebiet VK2 0708"]
[Site "Germany"]
[Date "2007.12.02"]
[Round "4.4"]
[White "Mallach, Heinz Joachim"]
[Black "Thon, Manfred"]
[Result "1/2-1/2"]
[WhiteElo "1829"]
[BlackElo "1936"]
[PlyCount "52"]
[EventDate "2007.09.16"]
[EventType "team-tourn"]
[EventRounds "9"]
[EventCountry "GER"]
[SourceTitle "EXT 2009"]
[Source "ChessBase"]
[SourceDate "2008.11.26"]
[SourceVersion "1"]
[SourceVersionDate "2008.11.26"]
[SourceQuality "1"]
[WhiteTeam "Altstadt RE II"]
[BlackTeam "Wattenscheid IV"]
[WhiteTeamCountry "GER"]
[BlackTeamCountry "GER"]

1. d4 d5 2. Nf3 Bg4 3. c4 Nc6 4. e3 e5 5. dxe5 Nxe5 6. cxd5 Bb4+ 7. Nc3 Bxc3+ 8. bxc3 c6 9. Be2 Bxf3 10. Bxf3 Nxf3+ 11. Qxf3 Qxd5 12. Qxd5 cxd5 13. Ba3 Rc8 14. Kd2 Nf6 15. f3 Nd7 16. Rhb1 Nb6 17. Kd3 Kd7 18. Rb5 Ke6 19. Bc5 Na4 20. Bd4 b6 21. Rb4 Nc5+ 22. Bxc5 Rxc5 23. Rab1 Rhc8 24. R1b3 R8c7 25. Ra4 Kd6 26. Ra6 Rb7 1/2-1/2

[Event "Davos op 5th"]
[Site "Davos"]
[Date "2006.08.10"]
[Round "5"]
[White "Thon, Manfred"]
[Black "Solaroli, Riccardo"]
[Result "1-0"]
[WhiteElo "1843"]
[BlackElo "1976"]
[PlyCount "71"]
[EventDate "2006.08.06"]
[EventType "swiss"]
[EventRounds "7"]
[EventCountry "SUI"]
[SourceTitle "EXT 2008"]
[Source "ChessBase"]
[SourceDate "2007.11.25"]
[SourceVersion "1"]
[SourceVersionDate "2007.11.25"]
[SourceQuality "1"]

1. d4 Nf6 2. c4 g6 3. Nc3 d5 4. cxd5 Nxd5 5. e4 Nxc3 6. bxc3 Bg7 7. Bc4 c5 8. Ne2 0-0 9. Be3 cxd4 10. cxd4 Nc6 11. Rc1 Na5 12. Bd3 b6 13. 0-0 e6 14. Qd2 Bb7 15. e5 f6 16. exf6 Bxf6 17. f3 e5 18. Be4 Bxe4 19. fxe4 exd4 20. Nxd4 Qd7 21. Nf3 Rad8 22. Qxd7 Rxd7 23. e5 Be7 24. Ng5 Rxf1+ 25. Kxf1 Ba3 26. Rc8+ Kg7 27. Ne6+ Kf7 28. Nc7 Re7 29. e6+ Kg7 30. Bg5 Nc6 31. Bxe7 Nxe7 32. Rd8 Kf6 33. Ke2 Bb2 34. Rf8+ Kg5 35. Rf7 Nf5 36. e7 1-0

[Event "Ruhrgebiet VK3 0405"]
[Site "Ruhrgebiet"]
[Date "2005.04.10"]
[Round "9.4"]
[White "Thon, Manfred"]
[Black "Dahlhaus, Friedhelm"]
[Result "1/2-1/2"]
[WhiteElo "1870"]
[BlackElo "2045"]
[PlyCount "61"]
[EventDate "2004.09.12"]
[EventType "team-tourn"]
[EventRounds "9"]
[EventCountry "GER"]
[SourceTitle "EXT 2006"]
[Source "ChessBase"]
[SourceDate "2005.11.24"]
[SourceVersion "1"]
[SourceVersionDate "2005.11.24"]
[SourceQuality "1"]
[WhiteTeam "Wattenscheid IV"]
[BlackTeam "Wacker Bergeborbeck"]
[WhiteTeamCountry "GER"]
[BlackTeamCountry "GER"]

1. d4 Nf6 2. c4 e6 3. Nc3 Bb4 4. Bg5 h6 5. Bh4 c5 6. e3 Nc6 7. Nf3 Qa5 8. Qc2 Ne4 9. Rc1 d5 10. Bd3 f5 11. cxd5 exd5 12. Bg3 cxd4 13. exd4 0-0 14. Be5 Be6 15. 0-0 Rac8 16. Qb3 Nxe5 17. dxe5 Bxc3 18. bxc3 Rxc3 19. Rxc3 Qxc3 20. Qxc3 Nxc3 21. Nd4 Kf7 22. a3 g6 23. Rc1 Rc8 24. f3 Ke7 25. h3 Na4 26. Rxc8 Bxc8 27. Kf2 Nc5 28. Bb1 Bd7 29. h4 Ne6 30. Nxe6 Kxe6 31. f4 1/2-1/2

[Event "Ruhrgebiet VK3 0405"]
[Site "Ruhrgebiet"]
[Date "2005.03.13"]
[Round "8.3"]
[White "Thon, Manfred"]
[Black "Kreul, Helmut"]
[Result "1/2-1/2"]
[WhiteElo "1870"]
[BlackElo "2028"]
[PlyCount "42"]
[EventDate "2004.09.12"]
[EventType "team-tourn"]
[EventRounds "9"]
[EventCountry "GER"]
[SourceTitle "EXT 2006"]
[Source "ChessBase"]
[SourceDate "2005.11.24"]
[SourceVersion "1"]
[SourceVersionDate "2005.11.24"]
[SourceQuality "1"]
[WhiteTeam "Wattenscheid IV"]
[BlackTeam "Bottrop"]
[WhiteTeamCountry "GER"]
[BlackTeamCountry "GER"]

1. d4 d5 2. c4 c6 3. Nf3 Nf6 4. Nc3 e6 5. e3 Nbd7 6. Bd3 dxc4 7. Bxc4 b5 8. Bd3 a6 9. 0-0 c5 10. Re1 Bb7 11. b3 Rc8 12. Bb2 cxd4 13. Nxd4 Be7 14. Rc1 0-0 15. Bb1 b4 16. Nce2 Rxc1 17. Qxc1 Qb6 18. Ng3 Rd8 19. Nde2 Nf8 20. Bd4 Qc6 21. Qxc6 Bxc6 1/2-1/2

[Event "Ruhrgebiet VK3 0405"]
[Site "Ruhrgebiet"]
[Date "2004.10.10"]
[Round "2.4"]
[White "Thon, Manfred"]
[Black "Wittmann, Rainer"]
[Result "0-1"]
[WhiteElo "1870"]
[BlackElo "2077"]
[PlyCount "75"]
[EventDate "2004.09.12"]
[EventType "team-tourn"]
[EventRounds "9"]
[EventCountry "GER"]
[SourceTitle "EXT 2006"]
[Source "ChessBase"]
[SourceDate "2005.11.24"]
[SourceVersion "1"]
[SourceVersionDate "2005.11.24"]
[SourceQuality "1"]
[WhiteTeam "Wattenscheid IV"]
[BlackTeam "Dortmund 1875"]
[WhiteTeamCountry "GER"]
[BlackTeamCountry "GER"]

1. d4 Nf6 2. c4 g6 3. Nc3 Bg7 4. e4 d6 5. f3 Nbd7 6. Be3 0-0 7. Bd3 c5 8. Nge2 Qb6 9. Qb3 Qc7 10. 0-0 a6 11. Rac1 e6 12. Na4 b6 13. Bb1 Rb8 14. Qd3 b5 15. cxb5 axb5 16. Nac3 c4 17. Qd2 b4 18. Nd1 Ba6 19. Re1 Rfc8 20. a3 c3 21. bxc3 bxa3 22. Ba2 Nb6 23. Ra1 Ra8 24. Nf4 Bc4 25. Nd3 Bf8 26. e5 Nfd5 27. exd6 Bxd6 28. Ne5 Bxa2 29. Rxa2 f6 30. Ng4 h5 31. Nxf6+ Nxf6 32. Bg5 Nc4 33. Qd3 Qf7 34. Rae2 e5 35. dxe5 Bxe5 36. Bxf6 Bxf6 37. Ra2 Rd8 38. Qc2 0-1

[Event "Ruhrgebiet VK2 0304"]
[Site "Ruhrgebiet"]
[Date "2004.04.25"]
[Round "9.4"]
[White "Thon, Manfred"]
[Black "Hackbusch, Joern"]
[Result "1/2-1/2"]
[WhiteElo "1886"]
[BlackElo "2035"]
[PlyCount "82"]
[EventDate "2003.09.28"]
[EventType "team-tourn"]
[EventRounds "9"]
[EventCountry "GER"]
[SourceTitle "EXT 2007"]
[Source "ChessBase"]
[SourceDate "2006.11.23"]
[SourceVersion "1"]
[SourceVersionDate "2006.11.23"]
[SourceQuality "1"]
[WhiteTeam "Wattenscheid IV"]
[BlackTeam "Dortmund Hansa III"]
[WhiteTeamCountry "GER"]
[BlackTeamCountry "GER"]

1. d4 d5 2. c4 c6 3. Nc3 Nf6 4. Nf3 dxc4 5. a4 Bf5 6. e3 e6 7. Bxc4 Bb4 8. 0-0 Nbd7 9. Qe2 Bg6 10. Rd1 0-0 11. Ne5 Qa5 12. Nxg6 hxg6 13. Qc2 e5 14. Na2 exd4 15. Nxb4 Qxb4 16. exd4 Nb6 17. b3 Rfd8 18. Ba3 Qa5 19. Be7 Re8 20. Bxf6 Nxc4 21. Bxg7 Nb6 22. Be5 Nd7 23. Bf4 Rad8 24. d5 cxd5 25. Bc7 Rc8 26. Qxg6+ fxg6 27. Bxa5 Nc5 28. Rab1 b6 29. Be1 Re2 30. Kf1 Rce8 31. Bb4 Ra2 32. Bxc5 bxc5 33. Rxd5 Ree2 34. Rg5 Rxf2+ 35. Kg1 Kf7 36. g3 Rfc2 37. h3 c4 38. bxc4 Rxa4 39. Rg4 Kf6 40. Rb5 Raxc4 41. Rxc4 Rxc4 1/2-1/2